[Event "Tilburg Fontys"]
[Site "Tilburg"]
[Date "1998.10.28"]
[Round "5"]
[White "Leko, Peter"]
[Black "Anand, Viswanathan"]
[Result "1/2-1/2"]
[WhiteElo "2665"]
[BlackElo "2795"]
[Annotator "Mikhalevski,V"]
[PlyCount "49"]
[EventDate "1998.10.23"]
[EventType "tourn"]
[EventRounds "11"]
[EventCountry "NED"]
[EventCategory "18"]
[SourceTitle "EXT 1999"]
[Source "ChessBase"]
[SourceDate "1998.11.16"]
[SourceVersion "1"]
[SourceVersionDate "1998.11.16"]
[SourceQuality "1"]

{[%mdl 64]} 1. e4 {Kortschnoj} e5 2. Nf3 Nc6 3. Bb5 a6 4. Ba4 Nf6 5. O-O Nxe4
6. d4 b5 7. Bb3 d5 8. dxe5 Be6 9. Nbd2 Nc5 10. c3 Bg4 11. Bc2 d4 $5 {In
according to my database this position has been played only once before.Maybe
this game will bring popularity to this unexplored line.} (11... Ne6 $6 {
Hansen,Cu: A seldom played move} 12. Re1 (12. h3 Bh5 13. Re1 Bc5 14. Nb3 Ba7
15. Be3 Bxe3 (15... Nxe5 $6 16. g4 Nxf3+ 17. Qxf3 Bg6 18. Bxg6 hxg6 19. Bxa7
Rxa7 20. Nc5) 16. Rxe3 Ne7 17. g4 $6 Bg6 18. Nfd4 Bxc2 19. Qxc2 Ng6 $132 {
0-1 Kourtesis,G-Flear,G/Athens Akropolis op 1989 (31)}) 12... Qd7 (12... Bc5
13. Nf1 (13. Nb3 {Mikhalevski,V} Ba7 14. Be3 (14. a4 b4 15. Qd3 Bh5 16. Nfd4
Bxd4 17. cxd4 Bg6 18. Qd1 Bxc2 19. Qxc2 Ncxd4 20. Nxd4 Nxd4 21. Qc5 Ne6 22.
Qc6+ Ke7 23. Be3 d4 24. Bxd4 $1 Nxd4 25. Qc5+ Ke6 26. Rad1 Qd5 27. Qxd4 Qxd4
28. Rxd4 $14 {1/2-1/2 Lutz,C-Jussupow,A/Germany 1996/GER-chT (54)}) 14... Bxe3
15. Rxe3 Ne7 16. h3 Bf5 (16... Bh5) 17. Nfd4 Bxc2 18. Qxc2 O-O 19. Rf1 Rc8 20.
Nxe6 fxe6 21. Nc5 Nf5 22. Rd3 Qe7 23. b4 a5 24. Qe2 $14 {1-0 Wahls,M-Rhodin,C/
Hamburg-ch 1987 (31)}) (13. a4 {Mikhalevski,V} Ne7 14. Nb3 Bb6 15. axb5 axb5
16. Rxa8 Qxa8 17. Qd3 $14 {1:44-1:24 1-0 Rodriguez,A-Sorin,A/Capablanca mem-B
1993 (31)}) 13... Bh5 14. Ng3 Bg6 15. h4 $5 (15. Bb3 Ne7 16. h4 h6 17. h5 Bh7
18. Nd4 Bxd4 19. cxd4 O-O 20. Qg4 Kh8 21. Be3 (21. a4 $6 {/\Bd2} c5 $5) 21...
Qd7 22. Rac1 $14 {1-0 Kovalev,A-Kaidanov,G/URS-OT56 Blagoveshchensk 1988 (43)})
15... Bxc2 {Mikhalevski,V} (15... d4 $1 $132) (15... O-O $4 16. Bb3 $1 $16 {
[%cal Rb3d5,Rh4h5] 1-0 Almasi,Z-Jussupow,A/Ubeda 1997/CBM 58/[Hansen,Cu] (47)}
(16. h5 Bxc2 17. Qxc2 f6 $1)) 16. Qxc2 O-O $11 (16... d4 $6 17. cxd4 Ncxd4 18.
Nxd4 Bxd4 (18... Qxd4 19. Be3 Qc4 (19... Qb4 20. Rac1 $18) 20. Qxc4 bxc4 21.
Bxc5 Nxc5 22. Rec1 $16) 19. Qc6+ Kf8 $16)) 13. Nf1 Rd8 14. Ne3 Bh5 15. Nf5 Bc5
16. Qd3 Bg6 17. a4 Ne7 18. g4 Bb6 {1-0 Grunthal,R-Alava,M/FIN-chT 1993/EXT 98 
(41) and black seems to be OK.}) (11... Be7 {(see 10...Be7)} 12. Re1 Qd7 {
has been played a lot - however at the moment whites chances seems to be
preferred.} (12... O-O)) 12. Nb3 {[%mdl 8]} (12. h3 Bh5 13. Nb3 d3 14. Bb1 Bg6
15. Nbd4 Qd5 16. a4 Nxd4 17. Nxd4 Nxa4 18. Ba2 Qb7 19. e6 {1/2-1/2 Hakki,
I-Odendahl,S/Gausdal 1982/MCD (19)}) (12. Ne4 $2 d3 13. Nxc5 dxc2 14. Qxd8+
Nxd8 $15) 12... d3 13. Bb1 {[%csl Rd3]} (13. Nxc5 $2 dxc2 {see 12.Ne4?}) 13...
Qd5 $1 {'N!?' Kortschnoj. Black has been preparing B:f3 weakening pawn
sructure on the king side and taking back e5 pawn. Kortschnoj: 'Very important,
new way to treat the modern line of the open Spanish with black. If it works,
then many grandmasters will be compelled to modify their opening repertoire.'}
(13... Nxb3 14. axb3 Bf5 15. Be3 {[%csl Rd3][%cal Ge3d4,Gf3d4]}) 14. Nxc5 {
Kortschnoj: 'White does not have much choice. After'} (14. h3 {Kortschnoj} Bxf3
15. Qxf3 Qxf3 16. gxf3 O-O-O {he has problems to equalize (17.Be3? Na4)}) 14...
Bxc5 ({Worse is} 14... Bxf3 $2 15. Qxf3 Qxf3 16. gxf3 Bxc5 17. Bxd3 {as after}
O-O-O (17... Nxe5 $2 18. Re1) 18. Bf5+ {has become possible(compare with the
game position with black bishop on g4).}) 15. Qxd3 (15. Bxd3 O-O-O $1 (15...
Bxf3 $2 16. Qxf3 Qxf3 17. gxf3 {leads to above-mentioned position.}) 16. Be2 (
16. Bc2 $6 Bxf3 17. Qxf3 Qxf3 18. gxf3 Nxe5 {leads to the game with white's
bishop on c2 instead of e4 that is in the black's favour.}) 16... Qxd1 $5 (
16... Qe4 $5 17. Qe1 Nxe5 18. Nxe5 Bxe2 $1 19. Nxf7 Rd1 20. Qxd1 Bxd1 21. Nxh8
Bc2 $1 22. Be3 $1 (22. Nf7 $2 Bd3 23. Rd1 (23. Ng5 Bxf2+ $1) 23... Qe2 24. Be3
Bxe3 25. fxe3 Be4 $19) 22... Bxe3 23. fxe3 Qxe3+ 24. Kh1 Bd3 $44) 17. Bxd1 (17.
Rxd1 Bxf3 18. Rxd8+ Rxd8 {[%cal Gc6e5] and Black is OK.}) 17... Bxf3 18. Bxf3
Nxe5 {[%cal Ge5d3]} (18... Nxe5 {Kortschnoj} 19. Bh5 Nd3 {and black has no
problems.})) 15... Qxd3 16. Bxd3 O-O-O $1 {Kortschnoj: 'On the move 12 white
could interpose h3 Bh5, then long castle would not be possible due to Bf5+...'}
(16... Bxf3 $2 {leads to 14...B:f3?}) 17. Be4 (17. Be2 $6 Nxe5 $1 18. Nxe5 (18.
a4 $6 Nxf3+ 19. gxf3 Bh3 $15) 18... Bxe2 19. Re1 (19. Nxf7 Bxf1 20. Nxd8 Bc4
21. Nc6 Re8 22. Be3 Bxe3 23. fxe3 Rxe3 $15) 19... Bh5 (19... Rhe8 $5)) 17...
Bxf3 18. gxf3 {Leko is still trying to fight for an advantage. Kortschnoj: 'Or'
} (18. Bxf3 {was safer.} Nxe5 $11 {[%cal Ge5d3]}) 18... Nxe5 19. a4 $1 {
'?' Kortschnoj. Kortschnoj: 'A critical line is'} (19. b4 {Kortschnoj followed
by a2-a4 , e.g.} Bd6 20. a4 Kd7 21. Bb7 Rb8 22. Bxa6 Nxf3+ 23. Kg2 Nxh2 24. Rh1
Ng4 25. Bxb5+ {- white, having two bishops, stands somewhat better.}) 19... b4
$1 (19... Rhe8 $2 20. axb5 axb5 21. b4 $1 Bb6 22. f4 $1 Nd7 23. Bc6 $1 {
[%cal Ga1a8,Gc6b5]}) 20. Bg5 $5 (20. Be3 $5 Bxe3 21. fxe3 Rd2 {[%cal Gh8d8]} (
21... g6 $5 {[%cal Gf7f5]}) 22. cxb4 Rxb2 23. b5 $1 axb5 (23... a5 24. Rf2 $14)
24. axb5 Rxb5 25. Ra8+ Rb8 26. Ra7 $1 $36 {[%cal Gf1c1,Gf3f4]} (26. Rxb8+ Kxb8
27. Rb1+ Kc8 $1 28. Bf5+ Nd7 29. Ra1 Rf8 $1)) 20... f6 21. cxb4 (21. Be3 $5)
21... Bxb4 22. Be3 Nc4 (22... g6 $5 {[%cal Gf6f5] is a way to try to catch
initiative.}) 23. Bf4 Bd2 $1 (23... Bd6 24. b3 $1 Bxf4 25. bxc4 {[%cal Ga1b1,
Ge4b7,Ge4f5]}) 24. b3 $1 Nd6 $1 $11 {'!' Kortschnoj.} 25. Bxd6 (25. Bxd2 $6
Nxe4 26. fxe4 Rxd2 $15) (25. Bxd6 Rxd6 {[%csl Re4][%cal Gg7g6,Gf6f5] Black
could continue trying to use uncomfortable position of white's bishop by g6
and then f5.}) 1/2-1/2

[Event "Montreal-B 5th"]
[Site "Montreal"]
[Date "2004.08.11"]
[Round "7"]
[White "Garcia, Gildardo"]
[Black "Mikhalevski, Victor"]
[Result "0-1"]
[WhiteElo "2461"]
[BlackElo "2551"]
[Annotator "Mikhalevski,V"]
[PlyCount "138"]
[EventDate "2004.08.04"]
[EventType "tourn"]
[EventRounds "11"]
[EventCountry "CAN"]
[EventCategory "8"]
[SourceTitle "CBM 101 Extra"]
[Source "ChessBase"]
[SourceDate "2004.09.01"]
[SourceVersion "2"]
[SourceVersionDate "2004.09.01"]
[SourceQuality "1"]

1. e4 e5 2. Nf3 Nc6 3. Bb5 a6 4. Ba4 Nf6 5. O-O Nxe4 6. d4 b5 7. Bb3 d5 8. dxe5
Be6 9. Nbd2 Nc5 10. c3 d4 $5 {This move is back on track. Thanks to the new
black idea on the 21th move the endgame which theory considered to be worse
for Black now seems to be playable.} 11. Ng5 $1 Qxg5 12. Qf3 O-O-O 13. Bxe6+
fxe6 14. Qxc6 Qxe5 15. b4 Qd5 16. Qxd5 exd5 17. bxc5 dxc3 18. Nb3 d4 19. Ba3 g6
$1 {Practice shows that this is the best move in the position. Black brings
the bishop to g7 in order to support his central pawns.} ({A new dubious idea
was tested in the following game.} 19... Rd5 $2 {Naiditsch-Rogers, Wijk aan
Zee 2003/CBM93 [Postny]}) 20. Bb4 Bg7 21. a4 d3 $1 {The recent games prove
that this move allows Black to equalize the game. I believe that Hungarian GM
Gyimesi was the first to test the move on GM level. The idea is to advance the
d-pawn to d2 and thus to reduce White's resources.} ({Earlier black preffered} 
21... Kd7 22. axb5 axb5 23. Rfd1 Ke6 {Here is one of the most known games in
this line.} 24. Rac1 Rhe8 25. Kf1 Kf5 26. c6 $1 g5 27. Ba5 Rd6 28. Bb4 Rdd8 29.
Rd3 $1 g4 30. Bc5 Ke4 31. Rcd1 h5 32. Nxd4 $1 $18 {1-0 Kasparov,G-Shirov,A/
Linares 2001/CBM 82/[Ftacnik] (38)}) ({Another new idea} 21... bxa4 $5 {
worth considering.} 22. c6 $1 d3 $1 23. Rxa4 d2 24. Rxa6 Kb8 25. Nxd2 cxd2 26.
Rd1 Rhe8 27. Kf1 Re1+ $1 28. Rxe1 dxe1=Q+ 29. Bxe1 Bd4 {White is a pawn up,
but black's resources seems to be sufficient for maintaining the balance.
White's main concern is a weakness of Pc6.1/2-1/2 Hracek-Haba, CZE-ch 2003/
CBM94 [Postny]}) 22. axb5 d2 {This position is a headache for White these days.
} 23. bxa6 (23. c6 $5 {[%cal Ga1a6] A very fresh idea in this line was tested
in a recent match in Mainz.} Kb8 $1 24. Rad1 Rd5 (24... axb5 $5 25. Nc5 Rd5)
25. bxa6 Rhd8 {[%cal Gd5b5]} 26. Na1 Ka7 27. Nc2 Rb8 28. Rb1 Rdb5 29. Rb3 R8b6
$1 30. Rxc3 Bxc3 (30... Rxb4 $1 31. Rd3 Rb2 32. Rxd2 Bc3 (32... Rxc6 33. Rd7)
33. Re2 Rxc6 $15) 31. Bxc3 Rc5 32. Bxd2 Rxc2 33. Be3 Kxa6 34. Bxb6 cxb6 35. f4
$11 {The f and b-pawns are worth each other.} b5 36. g4 Rxc6 37. f5 gxf5 38.
gxf5 b4 39. f6 Rc8 40. Kg2 b3 41. Rb1 Rf8 42. Rxb3 {1/2-1/2 Shirov,A-Anand,V/
Mainz GER 2004/The Week in Chess 509 (42). An important game for theory.})
23... c2 $1 {Black returns some material.} 24. Nxd2 $1 {The right choice.} (24.
Bxd2 $2 {loses a piece.} Bxa1 25. Rxa1 Rd3 $1 (25... Rhe8 $2 26. a7 Kb7 27.
a8=Q+ Rxa8 28. Rc1 {1/2-1/2 Delchev,A-Gyimesi,Z/Nova Gorica SLO 2004/The Week
in Chess 483 (28). Here a draw was agreed, but it's possible that the game saw
24.Nxd2, but not Bxd2...}) 26. a7 Kb7 27. Na5+ Ka8 28. Nc4 Rd4 $19 {and Black
wins a piece.}) 24... Bxa1 25. Rxa1 Rhe8 $1 {Black prepares to attack the
bishop by means of Re4.} ({Doesn't work} 25... Rd4 $2 {in view of} 26. Bc3 Rd3
27. a7 $1 Kd7 (27... Kb7 28. Bxh8 Rxd2 $140 $4 29. a8=Q#) 28. Bxh8 Rxd2 29. Rf1
$1 Rd1 30. Bb2 $18 {and the a-pawn is unstoppable.}) 26. c6 $2 $146 {This move
loses a piece. Morozevich showed the right way to equality.} (26. Rc1 $1 Re4 $1
({It would be wrong to attack the bishop by the other rook.} 26... Rd4 $2 27.
Bc3 Rd3 28. Rxc2 Re1+ 29. Nf1 Rb1 {[%cal Gd3d1]} 30. a7 Kb7 31. Ra2 Ka8 32. Bd2
$18) 27. Bc3 Rc4 $1 28. Rxc2 (28. a7 $2 {Ftacnik} Kb7 29. Rxc2 Rd3 30. Ra2 Ka8
31. Kf1 Rcxc3 {0-1 Berry,N-Eynon,D/Grangemouth/1999/ (44).}) 28... Rd3 29. Rb2
$1 {The saving idea. White cuts the black king off the a-pawn and forces an
equal rook ending.} (29. Ra2 $2 Kb8 30. Ba5 Rc1+ 31. Nf1 Rdd1) 29... Rcxc3 30.
a7 Ra3 31. Rb8+ Kd7 32. a8=Q Rxa8 33. Rxa8 Rxd2 34. g4 Kc6 {Black wins the
c-pawn.} 35. Kg2 Kxc5 36. Kg3 Rd7 37. f4 Kd4 38. Ra1 Rf7 39. Rd1+ Ke3 40. Re1+
Kd4 41. Rd1+ {1/2-1/2 Morozevich,A-Ponomariov,R/Biel SUI 2004/The Week in
Chess 508 (41) A very important game. It's not so easy to improve upon White's
play in the game. Anyway new tests of the line are expected.}) 26... Kb8 $8 {
Now Morozevich's idea will not work.} 27. Rc1 Re4 $1 28. Bc3 ({Nothing changes
} 28. Ba5 Ra4 (28... Re5 $5 29. Bc3 Rc5 30. Rxc2 Rd3) 29. Bc3 Rd3 30. Rxc2 Rc4
{-28.Bc3.}) (28. Nxe4 $4 Rd1+) 28... Rc4 $1 {Rook-kamikaze!} 29. Rxc2 (29. Ba5
{is bad in view of} Rc5 $1 30. Bb4 Rb5 31. Bc3 Rb1 $1 $19) (29. Nxc4 $4 Rd1+)
29... Rd3 $1 {Finally we got the position from the game Morozevich-Ponomariov
with the only, but very important difference. The moves c6 and Kb8 are
included and so White can't save a piece.} 30. Rb2+ (30. Nxc4 $4 Rd1+) 30...
Ka8 $1 {The only chance to play for a win is to keep the c7-pawn.} ({The
difference between the game and} 30... Ka7 {can be seen in the following line.}
31. Ba5 Rc1+ 32. Nf1 Rdd1 33. g3 Rxf1+ 34. Kg2 Rg1+ 35. Kh3 $1 (35. Kf3 $2 Rxc6
36. Rb7+ $2 Kxa6 37. Rxc7 Rf6+ $1) 35... Rxc6 36. Rb7+ {This move is possible
thanks to position of the black king on a7.} Kxa6 37. Rxc7 $1 {and I believe
it would be impossible to win on one flank.}) 31. Ba5 Rc1+ 32. Nf1 Rdd1 $17 {
Finally Black wins a piece and obtains real chances for a win.} 33. g3 (33. g4
$5) 33... Rxf1+ 34. Kg2 Rg1+ 35. Kh3 Rxc6 36. Re2 ({The point of 28...Ka8 was
to meet} 36. Rb7 $6 {with} Rxa6 {[%csl Ra5,Rb7] and the c7-pawns remains
untouchable.}) 36... Ra1 {Now also the a-pawn is falling.} 37. Re5 ({Doesn't
change much} 37. Bd2 $5 Raxa6 38. Re7 h5) 37... Ka7 {Picking up the a-pawn.} (
37... Ra2 $5) 38. Bd2 Kxa6 39. Re7 h5 40. Bf4 {White's counterplay includes
both attack of the c7-pawn and advance of the kingside pawns. So still there
are considerable technical difficulties in converting an extra exchange into a
win.} Kb7 41. Kh4 {[%cal Gh4g5] White is preparing Kg5 with the attack of the
g6-pawn.} ({An attempt to strengthen the bishop on e5 doesn't bring fruits.} 
41. Be5 Ra2 42. f4 Re2 $1 {[%cal Gc6c2]} (42... Rcc2 $143 43. Kh4 $1 Rxh2+ 44.
Kg5 {[%csl Rc7,Rg6]}) 43. g4 (43. Rg7 Rcc2 44. Kh4 Rxh2+ 45. Kg5 Rhg2 46. Rxg6
$140 $2 Rxg3+ 47. Kxh5 $4 Rh2#) 43... hxg4+ 44. Kxg4 Rxh2 $19) 41... Kc8 $1 {
Now Black's ready to stop Kg5 with a check from a5. See below.} 42. h3 {
[%cal Gg3g4]} (42. Kg5 {doesn't reach the goal.} Ra5+ 43. Kh4 (43. Be5 $2 Kd8
$1 {The idea behind 41...Kc8!}) (43. Kh6 $2 g5+ {[%csl Rf4,Rh6]}) 43... Rc4 44.
Rg7 Ra6 45. Kg5 Rc5+ 46. Kh4 Re6) ({And again} 42. Be5 $2 {doesn't work. This
time because of} Ra2 $1 {[%csl Rf2,Rh2]} 43. Rf7 Re2 $1 $19 {[%csl Rf2,Rh2]
[%cal Gc6c2]}) 42... Ra4 $1 {This way Black prevents g4.} 43. Re5 $5 {[%cal
Gh4g5] Now I need to move the c6-rook to open a way for the c-pawn. e6 looks
like the best square for the rook and this is the reason for my next move.} ({
In case of} 43. Kg5 $5 {I would try to regroup the pieces the following way.}
Ra5+ 44. Kh4 Rc4 45. Rg7 Ra6 46. Kg5 Rc5+ 47. Kh4 Re6 48. g4 hxg4 49. hxg4 Kb7
{[%cal Gb7b6]}) 43... Raa6 $5 {[%cal Gc6e6]} 44. Kg5 ({White could try to
prevent my idea with.} 44. Re7 $5 {Then} Rc4 {is logical.}) 44... Re6 $1 45.
Rc5 Rac6 (45... c6 {[%cal Ga6b6,Gb6b5] was an alternative, but I planned to
play it with a tempo and White helps me to do so.}) 46. Rd5 $6 (46. Ra5 $5 {
avoiding loss of a tempo which took place in the game.}) 46... Rb6 $1 {[%cal
Gc7c6,Gb6b5]} 47. Be3 c6 $1 48. Rd1 $1 (48. Bxb6 cxd5 49. Bd4 Kd7 50. f4 Re4
$19 {[%cal Gd5d4]}) 48... Rb5+ 49. Kh6 (49. Kh4 $143) 49... Rd5 (49... c5 $6 {
leaves the b5-rook out of play after} 50. Rd5) 50. Ra1 $1 {[%cal Gg3g4,Ga1a8,
Ga8g8]} c5 $1 {Finally.} 51. Ra5 $1 {[%csl Rc5][%cal Ga5d5] Pinning the c-pawn
White makes my task more difficult.} (51. Ra8+ Kc7 52. Rg8 c4 {couldn't
satisfy White.}) 51... Rc6 52. g4 h4 $1 {The key-move. Black not only keeps
one more pawn in the game, but also fixes the h3-pawn which turns out to be
the decisive factor.} (52... Kb7 53. g5 Kb6 54. Ra8 {[%cal Ga8g8,Ga8f8,Gf8f6]})
53. g5 (53. Rb5 $5 {Preventing Kb7-b6.}) 53... Kb7 54. Kg7 Rd7+ {This way
Black unpins the c-pawn.} 55. Kh6 c4 56. Ra7+ Kc8 57. Ra8+ Kc7 58. Rg8 ({Or} 
58. Bf4+ Kb6 59. Rg8 Rd3) 58... Rd3 $1 {[%cal Gd3e3] The move is based on
precise calculation.} (58... c3 59. Rxg6 Rxg6+ 60. Kxg6 Rd3 61. Bf4+ {-58.Bf4})
59. Rxg6 {White is looking for escape in an interesting endgame with the
g-pawn vs queen in which queen is restricted by the own king on c7 and the
e3-pawn.} (59. Bf4+ Kd7 60. Rg7+ Ke8 61. Rg8+ Kf7 62. Rg7+ Kf8 63. Rxg6 Rxg6+
64. Kxg6 Kg8 $1 $19) 59... Rxg6+ 60. Kxg6 Rxe3 $1 61. fxe3 c3 62. Kh7 $1 c2 63.
g6 c1=Q 64. g7 {This is the position White went for playing 59.Rxg6. However I
calculated further.} Qc2+ 65. Kh8 Qc3 66. Kh7 {Now if my king was situated on
b7 I would win without problems with Qc7. Now I have to show a study-like idea.
} Qd3+ 67. Kh8 {Now also the e3-pawn plays its roal. The d4-square is not
available for the queen. Nevertheless Black is able to win.} {[%tqu "En","Try
to find a nice winning idea.","","","d3e3","",10]} Qxe3 $1 68. g8=Q Qe5+ $3 {
The idea behind 58...Rd3! Now it turns out that White can't escape pawn ending
in a favourable for Black version..} (68... Qxh3 $2 69. Qc4+ {leads to
perpetual.}) 69. Kh7 ({The point is to meet} 69. Qg7+ {with} Kd6 $1 {A
study-like move. Black wins a critical tempo and thus reaches the g3-square
before the white king gets to h4.} (69... Qxg7+ $2 70. Kxg7 {leads to a draw.})
70. Kh7 Qxg7+ 71. Kxg7 Ke5 $19 {[%cal Ge5f4,Gf4g3] and only now we can
appreciate h4!}) 69... Qh5+ $1 ({White resigned as after} 69... Qh5+ $1 70. Kg7
Qg5+ 71. Kh7 Qxg8+ 72. Kxg8 Kd6 73. Kf7 Ke5 $19 {Black is first again. After
the game I felt really good as not every day I create study over the board.})
0-1